Interest areas (differential activities) of rural youths (Record no. 21113)

000 -LEADER
fixed length control field 00383pab a2200145 454500
008 - FIXED-LENGTH DATA ELEMENTS--GENERAL INFORMATION
fixed length control field 180718b83-4 xxu||||| |||| 00| 0 eng d
100 ## - MAIN ENTRY--PERSONAL NAME
Personal name Upadhyay, Kiran Dutta
245 ## - TITLE STATEMENT
Title Interest areas (differential activities) of rural youths
260 ## - PUBLICATION, DISTRIBUTION, ETC.
Date of publication, distribution, etc. 83-4
300 ## - PHYSICAL DESCRIPTION
Extent 53-7
362 ## - DATES OF PUBLICATION AND/OR SEQUENTIAL DESIGNATION
Dates of publication and/or sequential designation May-Dec.
650 ## - SUBJECT ADDED ENTRY--TOPICAL TERM
Topical term or geographic name entry element Youth - Nepal
773 ## - HOST ITEM ENTRY
Main entry heading Public Administration Journal
909 ## -
-- 21113
Holdings
Withdrawn status Lost status Damaged status Not for loan Permanent Location Current Location Date acquired Serial Enumeration / chronology Barcode Date last seen Price effective from Koha item type
        Indian Institute of Public Administration Indian Institute of Public Administration 2018-07-19 Volume no: 6, Issue no: 1&2 AR21182 2018-07-19 2018-07-19 Articles

Powered by Koha